=LDR 00000nam 2200000 4500 =001 INLIS000000000025888 =005 20200827084849 =035 ##$$a 0010-061300000025888 =008 200827################g##########0#ind## =041 ##$$a Ind =082 ##$$a 2X8.7 =090 ##$$a 2X8, Har m =100 1#$$a Hariadi, ahmad =245 1#$$a Mengapa saya keluar dari ahmadiyah qadani, /$c Ahmad Hariadi =260 ##$$a Bandung :$b Yayasan kebangkitan kaum muslimin,$c 2000 =300 ##$$a 207 hlm, ; $c 14 x 21 cm =650 #4$$a Ahmadiyah =850 ##$$a NBPNMAT =084 ##$$a 2X8.7 HAR m =250 ##$$a cet.1 =990 ##$$a 155.413/Pro-2000